000 00467nam a2200205Ia 4500
008 170918s9999 xx 000 0 und d
020 _a9789810868741
050 _bC713 2010
100 _aCollins, Suzanne
245 _aMoking jay /
245 _cby Suzanne Collins.
250 _aFirst edition
260 _aUSA :
260 _bScholastic,
260 _c2010
300 _a390 pages :
300 _billustrations ;
300 _c20cm.
500 _a800
999 _c343994
_d343994